| 000 | 00778nam a2200241Ia 4500 | ||
|---|---|---|---|
| 003 | OSt | ||
| 005 | 20220925202226.0 | ||
| 006 | a|||||r|||| 00| 0 | ||
| 007 | ta | ||
| 008 | 220923b |||||||| |||| 00| 0 eng d | ||
| 020 |
_a8185504253 _c760.75 |
||
| 037 |
_b4529, 04/01/2012, RAJKIRAN BOOK AGENCY _cGeneral Book |
||
| 040 |
_aRTL _cRTL _beng |
||
| 041 |
_2eng _aeng |
||
| 082 | _aY7k, P3/RR | ||
| 100 |
_aSharma Lokesh _9148245 |
||
| 245 | 0 | _aComprehensive dictionary of terms in anthropology, sociology and allied disciplines | |
| 260 |
_aDelhi _bPenman Publishers _c2003 |
||
| 300 |
_aviii, 503p _ccm. |
||
| 650 | _aSociology | ||
| 942 |
_hY7k, P3/RR _cGB _2CC |
||
| 999 |
_c542769 _d542769 |
||